000 00707nam a2200217 i 4500
001 141218
003 ES-MaACL
005 20250828103055.0
007 t|
008 070920s1982 sp |||| | spa d
020 _a84-294-1400-2
100 1 _aVillar Angulo, Luis M.
_9115082
245 1 3 _aLa formación del profesorado
_b: nuevas contribuciones /
_cdirigida por Luis M. Villar Angulo.
260 _a[Madrid] :
_bSantillana,
_c[1982]
300 _a449 p. ;
_c21 cm.
490 1 _aAula XXI ;
_v8.
_aEducación Abierta
650 4 _aProfesores-
_xFormación profesional.
_916460
830 0 0 _aAula XXI.
_pEducación abierta
_v8.
_9220392
852 _aES-MaACL
_jL-2869
999 _c141218
_d141218